|
|
|
|
| LEADER |
00976ngm a2200241 i 4500 |
| 001 |
tort684 |
| 005 |
20230510130254.0 |
| 008 |
230510s2023 hu o 0|| zxx d |
| 040 |
|
|
|a PEREPO TORTENET
|b hun
|
| 041 |
|
|
|a zxx
|
| 100 |
1 |
|
|a Szakál Eszter
|
| 245 |
1 |
0 |
|a Honvédelmi referensek képzése
|h [elektronikus dokumentum] /
|c Eszter Szakál
|
| 260 |
|
|
|c 2023-04-25
|
| 490 |
0 |
|
|a Zalaegerszegi Televízió
|
| 695 |
|
|
|a Pannon Egyetem Zalaegerszegi Egyetemi Központ - PE ZEK
|
| 695 |
|
|
|a Magyar Honvédség
|
| 695 |
|
|
|a továbbképzés
|
| 695 |
|
|
|a előadás
|
| 695 |
|
|
|a videó
|
| 700 |
0 |
1 |
|a Révész Tamás
|e aut
|
| 700 |
0 |
1 |
|a Elmont Krisztián
|e aut
|
| 856 |
4 |
0 |
|u https://perepo-tortenet.uni-pannon.hu/id/eprint/684/1/2023-04-25_ztv_Honv%C3%A9delmi%20referensek%20k%C3%A9pz%C3%A9se%20%5B720p%5D.mp4
|z Dokumentum-elérés
|
| 856 |
4 |
0 |
|u https://perepo-tortenet.uni-pannon.hu/id/eprint/684/2/2023-04-25_ztv_Honv%C3%A9delmi%20referensek%20k%C3%A9pz%C3%A9se.pdf
|z Dokumentum-elérés
|